Statická a dynamická analýza budovy typu exoskelet

Salvato in:
Dettagli Bibliografici
Autore principale: Turanský, Juraj (Autore)
Altri autori: Ivánková, Oľga (Relatore della tesi)
Natura: Manoscritto Libro
Lingua:slovacco
Pubblicazione: 2025
Soggetti:
Accesso online:http://is.stuba.sk/zp/portal_zp.pl?podrobnosti=181940
CRZP
Tags: Aggiungi Tag
Nessun Tag, puoi essere il primo ad aggiungerne!!

MARC

LEADER 00000ntm a22000003a 4500
001 stuzp105309
003 SK-STU
005 20250801122733.5
007 ta
008 150427s2015----xo-----f-mn---000-0-slo-d
040 |a STU  |b slo 
041 0 |a slo 
100 1 |a Turanský, Juraj  |u 010250  |4 aut  |U SvF Stavebná fakulta  |T SvF Katedra stavebnej mechaniky  |X 105094  |U V250  |Y 26  |7 105094 
242 0 1 |a Static and Dynamic Analysis of an Exoskeleton Building  |y eng 
245 1 0 |a Statická a dynamická analýza budovy typu exoskelet 
260 |c 2025 
650 4 |a high rise building  |2 eng 
650 4 |a seismic load  |2 eng 
650 4 |a static and dynamic analysis  |2 eng 
650 4 |a výšková budova  |2 slo 
650 4 |a seizmické zaťaženie  |2 slo 
650 4 |a staticko-dynamická analýza  |2 slo 
700 1 |a Ivánková, Oľga  |u 010250  |k Z1  |4 ths  |U SvF Stavebná fakulta  |T SvF Katedra stavebnej mechaniky  |X 2736  |U V250  |Y 26  |7 A000002736 
856 4 |u http://is.stuba.sk/zp/portal_zp.pl?podrobnosti=181940 
856 4 |u https://opac.crzp.sk/?fn=detailBiblioForm&sid=226A7A544DA3649F67523CE9F6D0  |z CRZP